000 005540000a22002530004500
650 _aDescription and travel
650 _aNature
650 _aCulture
650 _aReligion
651 _aNepal
015 _aNNB
082 _aN915.426
_bT569k
_cN
518 _a20080514
530 _aM
100 _aThapa, Rajeshwar
245 _aKanchanjangha iti britanta
020 _a978-99946-28-0-32
260 _aLalitpur
_bPemba Lama, Nepal
260 _c2064 B.S.
300 _a250p.
041 _aNep
365 _aRs.250.00
942 _cGEN
999 _c45403
_d45403